<?xml version="1.0" encoding="UTF-8"?>
<record
    xmlns:xsi="http://www.w3.org/2001/XMLSchema-instance"
    xsi:schemaLocation="http://www.loc.gov/MARC21/slim http://www.loc.gov/standards/marcxml/schema/MARC21slim.xsd"
    xmlns="http://www.loc.gov/MARC21/slim">

  <leader>01956nam a22003017a 4500</leader>
  <controlfield tag="003">OSt</controlfield>
  <controlfield tag="005">20260514105331.0</controlfield>
  <controlfield tag="008">260121b        |||||||| |||| 00| 0 eng d</controlfield>
  <datafield tag="022" ind1=" " ind2=" ">
    <subfield code="a">1873-6505</subfield>
  </datafield>
  <datafield tag="022" ind1=" " ind2=" ">
    <subfield code="a">1478-4092</subfield>
  </datafield>
  <datafield tag="040" ind1=" " ind2=" ">
    <subfield code="a">TBS</subfield>
    <subfield code="b">EN</subfield>
    <subfield code="c">TBS</subfield>
  </datafield>
  <datafield tag="041" ind1=" " ind2=" ">
    <subfield code="a">eng</subfield>
  </datafield>
  <datafield tag="100" ind1=" " ind2=" ">
    <subfield code="a">Hartmann, Evi</subfield>
    <subfield code="9">27066</subfield>
    <subfield code="e">author</subfield>
  </datafield>
  <datafield tag="245" ind1=" " ind2=" ">
    <subfield code="a">Organisational design implications of global sourcing</subfield>
    <subfield code="b">: a multiple case study analysis on the application of control mechanisms</subfield>
    <subfield code="c">/ Evi Hartmann, Gerhard Trautmann, Christopher Jahns.</subfield>
  </datafield>
  <datafield tag="260" ind1=" " ind2=" ">
    <subfield code="b">Journal of Purchasing and Supply Management,</subfield>
    <subfield code="c">2008.</subfield>
  </datafield>
  <datafield tag="300" ind1=" " ind2=" ">
    <subfield code="a">28-42 pages.</subfield>
  </datafield>
  <datafield tag="362" ind1=" " ind2=" ">
    <subfield code="a">Journal of purchasing and supply management, 2008-03, Vol.14 (1), p.28-42</subfield>
  </datafield>
  <datafield tag="520" ind1=" " ind2=" ">
    <subfield code="a">Global sourcing has become an intended practice for many multinational corporations. Organisational design implications of global sourcing are rarely considered although they are one of the main facets of a global sourcing strategy. By elaborating on the information processing perspective of contingency theory, we derive explanations for the application of different control mechanisms in the global sourcing context. Our findings from case studies at eight multinational companies suggest that variations in control mechanisms can be explained by two contingencies: (1) corporate organisational structure and (2) the distribution of purchasing expertise among subsidiaries. Based on these case study findings, we formulate ten propositions for future research.</subfield>
  </datafield>
  <datafield tag="630" ind1=" " ind2="0">
    <subfield code="a">MSc International Business</subfield>
    <subfield code="9">26977</subfield>
  </datafield>
  <datafield tag="650" ind1=" " ind2="0">
    <subfield code="a">Purchasing</subfield>
    <subfield code="x">Management</subfield>
    <subfield code="9">23193</subfield>
  </datafield>
  <datafield tag="650" ind1=" " ind2="0">
    <subfield code="a">Physical distribution of goods </subfield>
    <subfield code="x">Management</subfield>
    <subfield code="9">1965</subfield>
  </datafield>
  <datafield tag="650" ind1=" " ind2="0">
    <subfield code="a">Business logistics</subfield>
    <subfield code="9">2448</subfield>
  </datafield>
  <datafield tag="650" ind1=" " ind2="0">
    <subfield code="a">Industrial procurement</subfield>
    <subfield code="9">2625</subfield>
  </datafield>
  <datafield tag="700" ind1=" " ind2=" ">
    <subfield code="a">Trautmann, Gerhard</subfield>
    <subfield code="9">27067</subfield>
    <subfield code="e">author</subfield>
  </datafield>
  <datafield tag="700" ind1=" " ind2=" ">
    <subfield code="a">Jahns, Christopher</subfield>
    <subfield code="9">27068</subfield>
    <subfield code="e">author</subfield>
  </datafield>
  <datafield tag="856" ind1=" " ind2=" ">
    <subfield code="u">https://research-ebsco-com.hub.tbs-education.fr/linkprocessor/plink?id=84c00069-0773-35c3-9065-198d65b0462f</subfield>
  </datafield>
  <datafield tag="942" ind1=" " ind2=" ">
    <subfield code="2">lcc</subfield>
  </datafield>
  <datafield tag="952" ind1=" " ind2=" ">
    <subfield code="0">0</subfield>
    <subfield code="1">0</subfield>
    <subfield code="2">lcc</subfield>
    <subfield code="4">0</subfield>
    <subfield code="7">0</subfield>
    <subfield code="8">CT</subfield>
    <subfield code="a">TBS</subfield>
    <subfield code="b">TBS</subfield>
    <subfield code="d">2026-05-14</subfield>
    <subfield code="l">0</subfield>
    <subfield code="p">5210</subfield>
    <subfield code="r">2026-05-14</subfield>
    <subfield code="u">https://research-ebsco-com.hub.tbs-education.fr/linkprocessor/plink?id=84c00069-0773-35c3-9065-198d65b0462f</subfield>
    <subfield code="w">2026-05-14</subfield>
    <subfield code="y">ARTICLE</subfield>
  </datafield>
  <datafield tag="999" ind1=" " ind2=" ">
    <subfield code="c">5210</subfield>
    <subfield code="d">5210</subfield>
  </datafield>
</record>
